Normal view
MARC view
Entry Personal Name
001 - CONTROL NUMBER
- control field: 45050
003 - CONTROL NUMBER IDENTIFIER
- control field: OSt
005 - DATE AND TIME OF LATEST TRANSACTION
- control field: 20240508165708.0
008 - FIXED-LENGTH DATA ELEMENTS
- fixed length control field: 240508|| aca||aabn | a|a d
040 ## - CATALOGING SOURCE
- Original cataloging agency: OSt
- Transcribing agency: OSt
100 ## - HEADING--PERSONAL NAME
- Personal name: Aggarwal, Divya and Elembilassery, Varun
670 ## - SOURCE DATA FOUND
- Source citation: Work cat.: (OSt)524101: Aggarwal, Divya and Elembilassery, Varun , Whatsapp generation in zoom university: Online pedagogical challenges and innovations
